Výdavky súvisiace so založením spoločnosti

Zriaďovacie náklady podľa zákona o účtovníctve (431/2002 Z.z.). Ilustračné príklady.

Salvato in:
Dettagli Bibliografici
Autore principale: Feketeová, Renáta, 1974-
Natura: Capitolo di libro
Lingua:slovacco
Soggetti:
Tags: Aggiungi Tag
Nessun Tag, puoi essere il primo ad aggiungerne!!

MARC

LEADER 00000naa$a2200000$$$4500
001 0104395
005 20240502072137.8
041 0 |a slo 
044 |a SK 
245 1 0 |a Výdavky súvisiace so založením spoločnosti  |c Renáta Feketeová 
520 |a Zriaďovacie náklady podľa zákona o účtovníctve (431/2002 Z.z.). Ilustračné príklady. 
610 2 0 |a náklady 
610 2 0 |a výdavky 
610 2 0 |a založenie podniku 
610 2 0 |a účtovníctvo podvojné 
610 2 0 |a účtovanie nákladov 
100 1 |a Feketeová, Renáta, 1974-